[Event "Ankara Baskent Univ op 8th"]
[Site "Ankara"]
[Date "2025.07.04"]
[Round "6"]
[White "Bacak, Muhammed Kaan"]
[Black "Isik, Alparslan"]
[Result "1/2-1/2"]
[WhiteElo "2075"]
[BlackElo "2476"]
[PlyCount "131"]
[EventDate "2025.07.01"]
[EventType "swiss"]
[EventRounds "9"]
[EventCountry "TUR"]
[SourceTitle "CB28_2025"]
[SourceDate "2025.07.09"]
[SourceVersion "1"]
[SourceVersionDate "2025.07.09"]
[SourceQuality "1"]

1. e4 c5 2. Nf3 d6 3. d4 cxd4 4. Nxd4 Nf6 5. Nc3 a6 6. h3 e5 7. Nf3 h6 8. Bc4 Be6 9. Bb3 Nc6 10. Be3 Rc8 11. Nh2 Na5 12. Ng4 Be7 13. Nxf6+ Bxf6 14. Nd5 Nxb3 15. axb3 0-0 16. c3 Bg5 17. 0-0 Kh8 18. Qd2 Bxe3 19. fxe3 f5 20. exf5 Bxf5 21. Rf2 Be6 22. Rxf8+ Qxf8 23. Rf1 Qd8 24. e4 Rc5 25. b4 Rc4 26. Qd3 Rc8 27. Kh2 Qe8 28. Ne3 Qc6 29. Rf2 Rd8 30. Rd2 Qe8 31. Rf2 Qc6 32. Rd2 Kg8 33. Nd5 Bxd5 34. Qxd5+ Qxd5 35. Rxd5 Kf7 36. b5 Ke6 37. bxa6 bxa6 38. Kg3 Rf8 39. Ra5 Rf4 40. Rxa6 Rxe4 41. Ra7 Re2 42. Rxg7 Rxb2 43. Rg6+ Ke7 44. Rxh6 Rc2 45. Rh7+ Ke6 46. Rc7 d5 47. Kf3 e4+ 48. Ke3 Rxg2 49. Rh7 Kd6 50. Rh8 Rg3+ 51. Kd2 Rd3+ 52. Kc2 Ke5 53. h4 Kf4 54. h5 Rh3 55. h6 Rh2+ 56. Kc1 Ke3 57. Rd8 Rxh6 58. Rxd5 Kf3 59. Rf5+ Ke2 60. Kc2 e3 61. c4 Ke1 62. c5 e2 63. Re5 Rh4 64. c6 Rc4+ 65. Kd3 Rxc6 66. Rxe2+ 1/2-1/2

[Event "Ankara Baskent Univ op 8th"]
[Site "Ankara"]
[Date "2025.07.04"]
[Round "5"]
[White "Isik, Alparslan"]
[Black "Bicer, Atakan Mert"]
[Result "1/2-1/2"]
[WhiteElo "2476"]
[BlackElo "2322"]
[PlyCount "85"]
[EventDate "2025.07.01"]
[EventType "swiss"]
[EventRounds "9"]
[EventCountry "TUR"]
[SourceTitle "CB28_2025"]
[SourceDate "2025.07.09"]
[SourceVersion "1"]
[SourceVersionDate "2025.07.09"]
[SourceQuality "1"]

1. Nf3 c5 2. c4 Nc6 3. Nc3 Nf6 4. e3 e6 5. d4 d5 6. a3 a6 7. dxc5 Bxc5 8. b4 Ba7 9. Bb2 0-0 10. Qc2 Qe7 11. Bd3 dxc4 12. Bxc4 b5 13. Bd3 Bb7 14. Rd1 Rfd8 15. 0-0 Rac8 16. Qb1 Bb8 17. Ne2 h6 18. Ng3 Ng4 19. Qa1 f6 20. Qb1 Nce5 21. Nxe5 Nxe5 22. Bh7+ Kh8 23. Bxe5 Bxe5 24. Be4 f5 25. Bxb7 Qxb7 26. Ne2 Rd5 27. Nc1 Rc3 28. Nb3 Qc6 29. Rc1 Rxc1 30. Rxc1 Qd6 31. f4 Bc3 32. Kf2 Rd3 33. Ke2 Rd2+ 34. Nxd2 Qxd2+ 35. Kf3 g5 36. fxg5 hxg5 37. Rxc3 Qxc3 38. Qd1 Qc6+ 39. Kf2 Kg7 40. h3 Kg6 41. Qd3 Qc7 42. g3 Qc6 43. g4 1/2-1/2

[Event "Ankara Baskent Univ op 8th"]
[Site "Ankara"]
[Date "2025.07.01"]
[Round "1"]
[White "Isik, Alparslan"]
[Black "Eminov, Orkhan"]
[Result "1-0"]
[WhiteElo "2476"]
[BlackElo "2239"]
[PlyCount "79"]
[EventDate "2025.07.01"]
[EventType "swiss"]
[EventRounds "9"]
[EventCountry "TUR"]
[SourceTitle "CB28_2025"]
[SourceDate "2025.07.09"]
[SourceVersion "1"]
[SourceVersionDate "2025.07.09"]
[SourceQuality "1"]

1. d4 Nf6 2. c4 g6 3. Nc3 c5 4. d5 d6 5. e4 Bg7 6. h3 0-0 7. Nf3 e6 8. Be2 Na6 9. 0-0 Nc7 10. Be3 exd5 11. exd5 Re8 12. a4 Rxe3 13. fxe3 Qe7 14. e4 Nd7 15. Kh1 Ne5 16. Nxe5 Bxe5 17. Bg4 Bxg4 18. Qxg4 Ne8 19. a5 Nf6 20. Qf3 Nh5 21. Ne2 Rf8 22. Rab1 Qg5 23. g4 Nf6 24. Nf4 Qh4 25. Kg2 h5 26. gxh5 g5 27. Nd3 g4 28. Qe3 Kh7 29. Nxe5 dxe5 30. Rxf6 gxh3+ 31. Qxh3 Rg8+ 32. Kh2 Qxf6 33. Rf1 Qe7 34. Qf5+ Kg7 35. Kh3 Qc7 36. Rg1+ Kf8 37. Rxg8+ Kxg8 38. h6 Qxa5 39. Qg5+ Kf8 40. h7 1-0

[Event "Cesme op-A 11th"]
[Site "Izmir"]
[Date "2025.06.26"]
[Round "6"]
[White "Nigalidze, Gaioz"]
[Black "Isik, Alparslan"]
[Result "1/2-1/2"]
[WhiteElo "2368"]
[BlackElo "2480"]
[PlyCount "110"]
[EventDate "2025.06.23"]
[EventType "swiss"]
[EventRounds "9"]
[EventCountry "TUR"]
[SourceTitle "CB27_2025"]
[SourceDate "2025.07.02"]
[SourceVersion "1"]
[SourceVersionDate "2025.07.02"]
[SourceQuality "1"]

1. Nf3 Nf6 2. g3 d5 3. Bg2 e6 4. c4 d4 5. e3 c5 6. exd4 cxd4 7. 0-0 Nc6 8. d3 Be7 9. Re1 0-0 10. a3 a5 11. Ne5 Nxe5 12. Rxe5 Nd7 13. Re1 Nc5 14. Qc2 a4 15. Nd2 Bd7 16. Rb1 Rc8 17. Ne4 Nb3 18. Nd2 Na5 19. Nf3 Bf6 20. Bd2 b5 21. Bb4 Re8 22. c5 Bc6 23. Nd2 Bxg2 24. Kxg2 Qd5+ 25. Kg1 Nb3 26. Nxb3 axb3 27. Qd1 Be7 28. Rc1 Rc6 29. f4 f6 30. Kf2 Kf7 31. Qf3 Rd8 32. Qxd5 Rxd5 33. Ra1 Bxc5 34. Rec1 Ke7 35. a4 bxa4 36. Rxa4 Kd6 37. Rxc5 Rdxc5 38. Kf3 f5 39. Ra7 Kd5 40. Rd7+ Rd6 41. Rxg7 Rc2 42. Bxd6 Kxd6 43. Rxh7 Rd2 44. Rb7 Rxd3+ 45. Ke2 Re3+ 46. Kd2 Kd5 47. Rb6 Kc5 48. Rb8 Kc4 49. Rc8+ Kd5 50. Re8 Rf3 51. Ke2 Re3+ 52. Kd2 Kc6 53. Rc8+ Kd6 54. Rd8+ Kc5 55. Rc8+ Kd5 1/2-1/2

[Event "Cesme op-A 11th"]
[Site "Izmir"]
[Date "2025.06.24"]
[Round "3"]
[White "Isik, Alparslan"]
[Black "Eke, Salih"]
[Result "1-0"]
[WhiteElo "2480"]
[BlackElo "2195"]
[PlyCount "101"]
[EventDate "2025.06.23"]
[EventType "swiss"]
[EventRounds "9"]
[EventCountry "TUR"]
[SourceTitle "CB27_2025"]
[SourceDate "2025.07.02"]
[SourceVersion "1"]
[SourceVersionDate "2025.07.02"]
[SourceQuality "1"]

1. d4 Nf6 2. c4 e6 3. Nf3 b6 4. g3 Bb7 5. Bg2 Bb4+ 6. Bd2 Bxd2+ 7. Qxd2 d6 8. 0-0 Nbd7 9. Nc3 0-0 10. d5 e5 11. e4 Nc5 12. Qc2 a5 13. b3 Bc8 14. a3 a4 15. b4 Nb3 16. Rae1 Bd7 17. Nd2 Nd4 18. Qd3 c5 19. dxc6 Bxc6 20. Nf3 Nxf3+ 21. Bxf3 Qc7 22. Rc1 Qb8 23. Rfd1 Rd8 24. Nd5 Nxd5 25. exd5 Bd7 26. Be4 g6 27. Qe3 f5 28. Bg2 Rf8 29. c5 bxc5 30. bxc5 f4 31. Qc3 fxg3 32. hxg3 Qa7 33. Qe3 dxc5 34. d6 Rae8 35. Rxc5 e4 36. Qd4 Qb6 37. Rc7 Qxd4 38. Rxd4 Bf5 39. d7 Rd8 40. Bxe4 Be6 41. Bc6 Kf7 42. Bxa4 Ke7 43. Rc3 Bxd7 44. Re3+ Be6 45. Rxd8 Rxd8 46. Bb3 Rd6 47. a4 Kd7 48. Bxe6+ Rxe6 49. Rxe6 Kxe6 50. f4 h5 51. Kg2 1-0

[Event "Pristina op"]
[Site "Pristina"]
[Date "2025.06.03"]
[Round "5"]
[White "Isik, Alparslan"]
[Black "Xie, Bryan"]
[Result "0-1"]
[WhiteElo "2482"]
[BlackElo "2317"]
[PlyCount "76"]
[EventDate "2025.05.31"]
[EventType "swiss"]
[EventRounds "9"]
[EventCountry "KOS"]
[SourceTitle "CB24_2025"]
[SourceDate "2025.06.11"]
[SourceVersion "1"]
[SourceVersionDate "2025.06.11"]
[SourceQuality "1"]

1. Nf3 d5 2. g3 g6 3. c4 dxc4 4. Na3 Bg7 5. Nxc4 Nc6 6. Bg2 e5 7. 0-0 Nge7 8. d3 0-0 9. Bd2 Nd5 10. Rb1 a5 11. a3 Re8 12. Ng5 h6 13. Ne4 Kh7 14. b4 axb4 15. axb4 Nd4 16. b5 f5 17. Ned6 cxd6 18. Bxd5 Be6 19. Bxb7 Rb8 20. Na5 Qb6 21. e3 Rxb7 22. Nxb7 Qxb7 23. exd4 Bd5 24. b6 Bg2 25. dxe5 dxe5 26. Bc3 Bxf1 27. Qxf1 Re6 28. Ba5 e4 29. dxe4 fxe4 30. Qc4 Rc6 31. Qa4 Rd6 32. Rd1 Rd3 33. Re1 Bd4 34. Qc4 e3 35. f3 e2+ 36. Kg2 Qxf3+ 37. Kh3 Qf1+ 38. Kh4 Bf6+ 0-1

[Event "Pristina op"]
[Site "Pristina"]
[Date "2025.06.01"]
[Round "2"]
[White "Ramaj, Ergit"]
[Black "Isik, Alparslan"]
[Result "0-1"]
[WhiteElo "2124"]
[BlackElo "2482"]
[PlyCount "118"]
[EventDate "2025.05.31"]
[EventType "swiss"]
[EventRounds "9"]
[EventCountry "KOS"]
[SourceTitle "CB24_2025"]
[SourceDate "2025.06.11"]
[SourceVersion "1"]
[SourceVersionDate "2025.06.11"]
[SourceQuality "1"]

1. e4 c5 2. Nf3 d6 3. Bb5+ Nd7 4. c3 Ngf6 5. Qe2 a6 6. Ba4 b5 7. Bc2 Bb7 8. d4 e6 9. a4 Be7 10. 0-0 0-0 11. Re1 Qc7 12. axb5 axb5 13. Rxa8 Rxa8 14. e5 dxe5 15. dxe5 Nd5 16. Qe4 g6 17. Qg4 Bf8 18. Ng5 Nxe5 19. Qh3 h6 20. Nxe6 fxe6 21. Qxe6+ Nf7 22. Qxg6+ Bg7 23. Na3 Qc6 24. Re6 Qd7 25. h4 Ne7 26. Qh7+ Kf8 27. Re3 Ng8 28. Rg3 Ne5 29. Bf4 Re8 30. Bxe5 Rxe5 31. Nxb5 Nf6 32. Qg6 Re1+ 33. Kh2 Be4 34. Bxe4 Rxe4 35. Nd6 Ng4+ 36. Kh3 Nxf2+ 37. Kh2 Ng4+ 38. Kh3 Ne3+ 39. Kh2 Re6 40. Rf3+ Kg8 41. Qf7+ Qxf7 42. Nxf7 Nd1 43. Nd8 Rb6 44. Rd3 Nxb2 45. Re3 c4 46. Re8+ Bf8 47. g4 Nd1 48. g5 hxg5 49. hxg5 Nxc3 50. Ne6 Rb2+ 51. Kh3 Kf7 52. Rxf8+ Kxe6 53. g6 Rb7 54. Rc8 Kd5 55. Rd8+ Ke5 56. Rg8 Rc7 57. Kh4 Ne4 58. g7 Nf6 59. Re8+ Kf5 0-1

[Event "Sharjah Masters-A 8th"]
[Site "Sharjah"]
[Date "2025.05.19"]
[Round "3"]
[White "Isik, Alparslan"]
[Black "Jumabayev, Rinat"]
[Result "1/2-1/2"]
[WhiteElo "2482"]
[BlackElo "2551"]
[PlyCount "22"]
[EventDate "2025.05.17"]
[EventType "swiss"]
[EventRounds "9"]
[EventCountry "UAE"]
[SourceTitle "CB22_2025"]
[SourceDate "2025.05.28"]
[SourceVersion "1"]
[SourceVersionDate "2025.05.28"]
[SourceQuality "1"]

1. d4 d5 2. c4 dxc4 3. Nf3 a6 4. e3 b5 5. a4 Bb7 6. b3 Nf6 7. axb5 axb5 8. Rxa8 Bxa8 9. bxc4 bxc4 10. Bxc4 e6 11. 0-0 Be7 1/2-1/2

[Event "Sharjah Masters-A 8th"]
[Site "Sharjah"]
[Date "2025.05.18"]
[Round "2"]
[White "Raja, Rithvik R"]
[Black "Isik, Alparslan"]
[Result "1/2-1/2"]
[WhiteElo "2545"]
[BlackElo "2482"]
[PlyCount "160"]
[EventDate "2025.05.17"]
[EventType "swiss"]
[EventRounds "9"]
[EventCountry "UAE"]
[SourceTitle "CB22_2025"]
[SourceDate "2025.05.28"]
[SourceVersion "1"]
[SourceVersionDate "2025.05.28"]
[SourceQuality "1"]

1. e4 e5 2. Nf3 Nc6 3. Bc4 Bc5 4. d3 Nf6 5. Nc3 d6 6. Na4 Bb6 7. a3 0-0 8. h3 Be6 9. Bxe6 fxe6 10. 0-0 Qe8 11. b4 Nh5 12. c3 Nf4 13. Nxb6 axb6 14. g3 Nh5 15. Kg2 Qg6 16. Nh4 Qf7 17. Ra2 Ne7 18. Re1 h6 19. Be3 g5 20. Nf3 Qg6 21. Nh2 Rf7 22. Qg4 Kh7 23. a4 Ng8 24. Rea1 Re8 25. Qe2 Ref8 26. f3 Nf4+ 27. Bxf4 exf4 28. g4 Nf6 29. a5 bxa5 30. Rxa5 Kg7 31. Qa2 Re7 32. Ra8 b6 33. Rxf8 Kxf8 34. Qa8+ Qe8 35. Nf1 Qxa8 36. Rxa8+ Kf7 37. d4 c5 38. dxc5 dxc5 39. bxc5 bxc5 40. Nd2 Rb7 41. Nc4 Rb3 42. Ne5+ Ke7 43. Ra7+ Ke8 44. Rf7 Ng8 45. Rg7 Nf6 46. c4 Rb2+ 47. Kf1 Rd2 48. Rg6 Ke7 49. Rxh6 Rd1+ 50. Ke2 Rh1 51. h4 gxh4 52. g5 Ne8 53. Ng6+ Kf7 54. Nxf4 Ng7 55. Nd3 h3 56. Kf2 h2 57. f4 Kg8 58. Ne5 Kf8 59. Kg2 Re1 60. Rxh2 Rxe4 61. Rh8+ Ke7 62. Rh7 Kf8 63. Kf3 Re1 64. Nd7+ Kf7 65. Nxc5 e5 66. Nd3 e4+ 67. Kf2 Ra1 68. Nc5 Kg8 69. g6 Rc1 70. Nxe4 Rxc4 71. Nf6+ Kf8 72. Nd7+ Kg8 73. Nf6+ Kf8 74. Kf3 Rc6 75. Rh8+ Ke7 76. Nd5+ Ke6 77. Rh7 Nf5 78. Ne3 Rc3 79. g7 Rxe3+ 80. Kf2 Rg3 1/2-1/2

[Event "TUR-ch"]
[Site "Antalya"]
[Date "2024.12.18"]
[Round "3.2"]
[White "Tarhan, Adar"]
[Black "Isik, Alparslan"]
[Result "1-0"]
[WhiteElo "2483"]
[BlackElo "2475"]
[PlyCount "47"]
[EventDate "2024.12.13"]
[EventType "k.o."]
[EventRounds "4"]
[EventCountry "TUR"]
[SourceTitle "CB52_2024"]
[SourceDate "2024.12.25"]
[SourceVersion "1"]
[SourceVersionDate "2024.12.25"]
[SourceQuality "1"]

1. d4 Nf6 2. c4 e6 3. Nf3 d5 4. Nc3 Nbd7 5. Bg5 h6 6. Bh4 Bb4 7. e3 c5 8. cxd5 exd5 9. Bd3 Qa5 10. Qc2 0-0 11. 0-0 c4 12. Bf5 Re8 13. a3 Bxc3 14. bxc3 Ne4 15. Bxe4 Rxe4 16. Rfb1 Nb6 17. Bd8 Qa4 18. Qb2 Re6 19. Qb4 Qc2 20. Qa5 Qg6 21. Rb4 Qh5 22. Rxb6 Rxb6 23. Bxb6 Bh3 24. Bc7 1-0

[Event "TUR-ch"]
[Site "Antalya"]
[Date "2024.12.16"]
[Round "2.2"]
[White "Isik, Alparslan"]
[Black "Dastan, Batuhan Muhammed"]
[Result "1/2-1/2"]
[WhiteElo "2475"]
[BlackElo "2560"]
[PlyCount "82"]
[EventDate "2024.12.13"]
[EventType "k.o."]
[EventRounds "4"]
[EventCountry "TUR"]
[SourceTitle "CB52_2024"]
[SourceDate "2024.12.25"]
[SourceVersion "1"]
[SourceVersionDate "2024.12.25"]
[SourceQuality "1"]

1. d4 d5 2. c4 c6 3. Nf3 Nf6 4. Nc3 dxc4 5. a4 e6 6. e3 c5 7. Bxc4 cxd4 8. exd4 Nc6 9. 0-0 Be7 10. Qe2 0-0 11. Rd1 Nb4 12. a5 Bd7 13. Ne5 Be8 14. h4 Nfd5 15. h5 Nxc3 16. bxc3 Nd5 17. Rd3 Bg5 18. Bxg5 Qxg5 19. Rg3 Qf4 20. Rg4 Qh6 21. Bxd5 exd5 22. Qf3 f6 23. Qxd5+ Kh8 24. Nf3 Bc6 25. Qf5 Rfd8 26. Rh4 Rac8 27. c4 Bxf3 28. Qxf3 Rxc4 29. Qxb7 Rc1+ 30. Rxc1 Qxc1+ 31. Kh2 Qg5 32. g3 Qf5 33. Kg1 h6 34. a6 Re8 35. Kg2 Re1 36. Rh1 Rxh1 37. Kxh1 Qxf2 38. Qxa7 Qf1+ 39. Kh2 Qe2+ 40. Kg1 Qe1+ 41. Kg2 Qe2+ 1/2-1/2

[Event "TUR-ch"]
[Site "Antalya"]
[Date "2024.12.15"]
[Round "2.1"]
[White "Dastan, Batuhan Muhammed"]
[Black "Isik, Alparslan"]
[Result "1/2-1/2"]
[WhiteElo "2560"]
[BlackElo "2475"]
[PlyCount "155"]
[EventDate "2024.12.13"]
[EventType "k.o."]
[EventRounds "4"]
[EventCountry "TUR"]
[SourceTitle "CB52_2024"]
[SourceDate "2024.12.25"]
[SourceVersion "1"]
[SourceVersionDate "2024.12.25"]
[SourceQuality "1"]

1. e4 c6 2. d4 d5 3. e5 Bf5 4. Nd2 e6 5. Nb3 Nd7 6. Nf3 Ne7 7. Be2 c5 8. dxc5 Nc6 9. 0-0 Bg4 10. Re1 Bxf3 11. Bxf3 Ndxe5 12. Bxd5 Qxd5 13. Qxd5 exd5 14. f4 0-0-0 15. fxe5 d4 16. Bd2 Rd5 17. e6 f6 18. c4 dxc3 19. Bxc3 Bxc5+ 20. Nxc5 Rxc5 21. Rad1 Re8 22. Re4 Nd8 23. Rde1 Rc6 24. e7 Nf7 25. Rg4 g6 26. Ra4 a6 27. g4 Kd7 28. Rf4 Rxe7 29. Rd1+ Rd6 30. Rxd6+ Nxd6 31. Bxf6 Re2 32. Bh8 Ke6 33. Rf2 Re4 34. h3 Re3 35. Rf6+ Kd5 36. Kg2 Re8 37. Bg7 Re2+ 38. Kf3 Re1 39. Kg2 Re2+ 40. Kf3 Re1 41. Kg2 Ne8 42. Rf7 Nxg7 43. Rxg7 Re2+ 44. Kg3 Rxb2 45. Rxh7 b5 46. Rg7 Rxa2 47. Rxg6 b4 48. Rb6 a5 49. g5 Kc5 50. Rb8 Ra1 51. Kf2 Ra2+ 52. Kf3 Ra3+ 53. Kg4 Ra1 54. g6 Rg1+ 55. Kh5 a4 56. Kh6 a3 57. Ra8 Kc4 58. g7 Kb3 59. g8Q+ Rxg8 60. Rxg8 a2 61. Ra8 Kb2 62. h4 b3 63. h5 Kc1 64. Kg7 b2 65. Rxa2 b1Q 66. h6 Qb7+ 67. Kg8 Qd5+ 68. Kg7 Qd7+ 69. Kg8 Qe8+ 70. Kg7 Qe7+ 71. Kg8 Qg5+ 72. Kh7 Kd1 73. Ra6 Kd2 74. Rg6 Qf5 75. Kg7 Qd7+ 76. Kg8 Qe8+ 77. Kg7 Qe5+ 78. Kg8 1/2-1/2

[Event "TUR-chT"]
[Site "Ankara"]
[Date "2024.07.23"]
[Round "12.14"]
[White "Isik, Alparslan"]
[Black "Shevchenko, Kirill"]
[Result "0-1"]
[WhiteElo "2472"]
[BlackElo "2672"]
[PlyCount "54"]
[EventDate "2024.07.14"]
[EventType "team-tourn"]
[EventRounds "15"]
[EventCountry "TUR"]
[SourceTitle "EXT 2025"]
[Source "ChessBase"]
[SourceDate "2024.10.14"]
[SourceVersion "1"]
[SourceVersionDate "2024.10.14"]
[SourceQuality "1"]
[WhiteTeam "Hufeder Fenerbahce"]
[BlackTeam "Gokturk"]
[WhiteTeamCountry "TUR"]
[BlackTeamCountry "TUR"]

1. Nf3 d5 2. g3 c6 3. Bg2 Bg4 4. 0-0 Nd7 5. h3 Bh5 6. d4 e6 7. c4 Bd6 8. Nc3 Ngf6 9. Qb3 Rb8 10. Nd2 Bg6 11. e4 dxe4 12. Ndxe4 Nxe4 13. Bxe4 Nf6 14. Bg2 0-0 15. Be3 Qa5 16. d5 exd5 17. cxd5 Be5 18. Rad1 Rfc8 19. Bd4 Bxd4 20. Rxd4 c5 21. Ra4 Qd8 22. Rxa7 b5 23. a3 Qb6 24. Re7 b4 25. axb4 cxb4 26. Ne2 Qd6 27. Re3 Bc2 0-1

[Event "TUR-chT"]
[Site "Ankara"]
[Date "2024.07.22"]
[Round "11.38"]
[White "Poormosavi, Seyed Kian"]
[Black "Isik, Alparslan"]
[Result "0-1"]
[WhiteElo "2381"]
[BlackElo "2472"]
[PlyCount "100"]
[EventDate "2024.07.14"]
[EventType "team-tourn"]
[EventRounds "15"]
[EventCountry "TUR"]
[SourceTitle "EXT 2025"]
[Source "ChessBase"]
[SourceDate "2024.10.14"]
[SourceVersion "1"]
[SourceVersionDate "2024.10.14"]
[SourceQuality "1"]
[WhiteTeam "Karaman Futbol"]
[BlackTeam "Hufeder Fenerbahce"]
[WhiteTeamCountry "TUN"]
[BlackTeamCountry "TUR"]

1. c4 e5 2. g3 Nf6 3. Bg2 Nc6 4. Nc3 Bb4 5. d3 0-0 6. e4 d6 7. Nge2 a5 8. 0-0 Bg4 9. h3 Bxe2 10. Nxe2 Bc5 11. Kh2 Nd7 12. f4 Nd4 13. f5 Nxe2 14. Qxe2 f6 15. h4 Bd4 16. g4 h6 17. Bf3 Kf7 18. g5 hxg5 19. Bh5+ Ke7 20. hxg5 Rh8 21. Kg2 Nc5 22. Rh1 c6 23. Bd2 a4 24. Rab1 Kd7 25. Bg6 Qb6 26. Rh5 Kc7 27. gxf6 gxf6 28. Bh6 Rag8 29. Kf3 Ne6 30. Qd2 Nf4 31. Bxf4 Rxh5 32. Bxh5 exf4 33. Bg4 Be5 34. Rh1 Kb8 35. Qe2 Qd4 36. Qd2 d5 37. cxd5 cxd5 38. Qe2 Rd8 39. Kg2 dxe4 40. dxe4 Qb4 41. Rd1 Rxd1 42. Qxd1 Qxb2+ 43. Kh3 Kc7 44. Qe2 Qxe2 45. Bxe2 Kc6 46. Bh5 b5 47. Kg4 Kb6 48. Be8 Ka5 49. Kf3 b4 50. Bf7 b3 0-1

[Event "TUR-chT"]
[Site "Ankara"]
[Date "2024.07.20"]
[Round "8.2"]
[White "Isik, Alparslan"]
[Black "Sadhwani, Raunak"]
[Result "0-1"]
[WhiteElo "2472"]
[BlackElo "2644"]
[PlyCount "84"]
[EventDate "2024.07.14"]
[EventType "team-tourn"]
[EventRounds "15"]
[EventCountry "TUR"]
[SourceTitle "EXT 2025"]
[Source "ChessBase"]
[SourceDate "2024.10.14"]
[SourceVersion "1"]
[SourceVersionDate "2024.10.14"]
[SourceQuality "1"]
[WhiteTeam "Hufeder Fenerbahce"]
[BlackTeam "Pamukkale Universiteli"]
[WhiteTeamCountry "TUR"]
[BlackTeamCountry "TUR"]

1. d4 Nf6 2. c4 e6 3. Nf3 h6 4. Nc3 Bb4 5. Bd2 b6 6. g3 Bb7 7. Bg2 a5 8. 0-0 0-0 9. Qc2 Bxc3 10. Qxc3 d6 11. Nh4 Bxg2 12. Nxg2 c5 13. dxc5 bxc5 14. Qc2 Nc6 15. e4 d5 16. cxd5 exd5 17. Qxc5 Ne5 18. Bc3 Nf3+ 19. Kh1 d4 20. Qf5 dxc3 21. Qxf3 cxb2 22. Rab1 Rb8 23. Rfd1 Qc7 24. Nf4 Qc4 25. Nd3 Nxe4 26. Rxb2 Rxb2 27. Nxb2 Qc2 28. Kg2 Ng5 29. Qb7 Re8 30. Rf1 Re2 31. Nd1 a4 32. a3 Ne4 33. Qb8+ Kh7 34. Qb5 Nd6 35. Qh5 Nc4 36. Qxf7 Nd2 37. Ne3 Qe4+ 38. Kh3 Nxf1 39. Nxf1 Qe6+ 40. Qxe6 Rxe6 41. Ne3 Rb6 42. Nc2 Rb3 0-1

[Event "TUR-chT"]
[Site "Ankara"]
[Date "2024.07.17"]
[Round "4.15"]
[White "Isik, Alparslan"]
[Black "Ozsakallioglu, Okan"]
[Result "1/2-1/2"]
[WhiteElo "2472"]
[BlackElo "2404"]
[PlyCount "95"]
[EventDate "2024.07.14"]
[EventType "team-tourn"]
[EventRounds "15"]
[EventCountry "TUR"]
[SourceTitle "EXT 2025"]
[Source "ChessBase"]
[SourceDate "2024.10.14"]
[SourceVersion "1"]
[SourceVersionDate "2024.10.14"]
[SourceQuality "1"]
[WhiteTeam "Hufeder Fenerbahce"]
[BlackTeam "Tarsus Zeka"]
[WhiteTeamCountry "TUR"]
[BlackTeamCountry "TUR"]

1. d4 Nf6 2. c4 e6 3. Nc3 Bb4 4. e3 d5 5. Bd2 0-0 6. Nf3 a6 7. a3 Bxc3 8. Bxc3 Ne4 9. Qc2 Nxc3 10. Qxc3 c6 11. Bd3 Nd7 12. 0-0 Qe7 13. b4 Re8 14. cxd5 exd5 15. a4 Nf6 16. b5 axb5 17. axb5 Rxa1 18. Rxa1 Ne4 19. Qa3 Qxa3 20. Rxa3 cxb5 21. Bxb5 Rd8 22. Ne5 f6 23. Nd3 Be6 24. f3 Nd6 25. Rb3 Ra8 26. Nc5 Ra1+ 27. Kf2 Ra2+ 28. Be2 Bc8 29. Nd3 Kf8 30. Rc3 Be6 31. Rc5 g5 32. Rc7 Bf5 33. Nc1 Rb2 34. g4 Rc2 35. Rc5 b6 36. Rxd5 Ne4+ 37. fxe4 Bxe4 38. Rd6 Ke7 39. Rxb6 Rxc1 40. Bf3 Rc2+ 41. Kg3 Bxf3 42. Kxf3 Rxh2 43. Ke4 h5 44. gxh5 Rxh5 45. Kf5 Rh3 46. Re6+ Kd7 47. Rxf6 Rxe3 48. Kxg5 1/2-1/2

[Event "TUR-chT"]
[Site "Ankara"]
[Date "2024.07.15"]
[Round "2.20"]
[White "Asadli, Vugar Afgan Oglu"]
[Black "Isik, Alparslan"]
[Result "1-0"]
[WhiteElo "2560"]
[BlackElo "2472"]
[PlyCount "82"]
[EventDate "2024.07.14"]
[EventType "team-tourn"]
[EventRounds "15"]
[EventCountry "TUR"]
[SourceTitle "EXT 2025"]
[Source "ChessBase"]
[SourceDate "2024.10.14"]
[SourceVersion "1"]
[SourceVersionDate "2024.10.14"]
[SourceQuality "1"]
[WhiteTeam "Darassufaka Spor"]
[BlackTeam "Hufeder Fenerbahce"]
[WhiteTeamCountry "TUR"]
[BlackTeamCountry "TUR"]

1. e4 e5 2. Nf3 Nf6 3. d4 Nxe4 4. Bd3 d5 5. Nxe5 Nd7 6. Nxd7 Bxd7 7. Nd2 Nxd2 8. Bxd2 Qe7+ 9. Be3 Qb4+ 10. Qd2 Qxd2+ 11. Kxd2 Bd6 12. h4 h5 13. Rae1 0-0 14. g3 Rfe8 15. Bf4 Bxf4+ 16. gxf4 c6 17. f3 Rxe1 18. Rxe1 Re8 19. Rg1 Re6 20. Rg5 Rh6 21. b3 Be8 22. c4 dxc4 23. bxc4 b6 24. c5 Kf8 25. a4 Rf6 26. f5 g6 27. Ke3 Kg7 28. Kf4 Kf8 29. Ke3 Kg7 30. Be4 Kf8 31. Rg1 bxc5 32. dxc5 a5 33. Rb1 Ke7 34. Rb7+ Bd7 35. Ra7 Kd8 36. Rxa5 Bxf5 37. Ra8+ Ke7 38. Ra7+ Ke8 39. a5 Bxe4 40. fxe4 Rf1 41. a6 Kd8 1-0

[Event "Cesme op-A 10th"]
[Site "Cesme"]
[Date "2024.06.27"]
[Round "6"]
[White "Kamer, Kayra"]
[Black "Isik, Alparslan"]
[Result "0-1"]
[WhiteElo "2316"]
[BlackElo "2472"]
[PlyCount "98"]
[EventDate "2024.06.23"]
[EventType "swiss"]
[EventRounds "9"]
[EventCountry "TUR"]
[SourceTitle "CBM 220 Extra"]
[Source "ChessBase"]
[SourceDate "2024.07.31"]
[SourceVersion "1"]
[SourceVersionDate "2024.07.31"]
[SourceQuality "1"]

1. e4 c5 2. Nf3 d6 3. d4 cxd4 4. Nxd4 Nf6 5. Nc3 Nc6 6. h3 e5 7. Nde2 Be6 8. g4 d5 9. exd5 Nxd5 10. Bg2 Nxc3 11. Nxc3 Qxd1+ 12. Nxd1 0-0-0 13. Ne3 h5 14. Bd2 Bc5 15. g5 f5 16. gxf6 gxf6 17. a3 f5 18. b4 Bb6 19. c4 Nd4 20. Ra2 e4 21. Bc3 Rhg8 22. Rd2 f4 23. Nd5 Bxd5 24. cxd5 Rxg2 25. Bxd4 Rxd5 26. Rc2+ Kd7 27. Bxb6 axb6 28. Rc4 Re5 29. Ke2 Ke6 30. Rd1 e3 31. Rf1 exf2+ 32. Kf3 Rg3+ 33. Kxf2 Kf5 34. Rd1 Rxh3 35. Rd7 Kg4 36. Rg7+ Rg5 37. Rxb7 Rh2+ 38. Ke1 Kg3 39. Rf7 f3 40. Rc3 Rf2 41. Re3 Kg2 42. a4 Rf1+ 43. Kd2 f2 44. Re2 Kg1 45. a5 bxa5 46. bxa5 Rg2 47. Ke3 Ra1 48. Rexf2 Rxf2 49. Rxf2 Ra3+ 0-1

[Event "Cesme op-A 10th"]
[Site "Cesme"]
[Date "2024.06.25"]
[Round "3"]
[White "Isik, Alparslan"]
[Black "Ebrahimi Herab, Hamidreza"]
[Result "1/2-1/2"]
[WhiteElo "2472"]
[BlackElo "2333"]
[PlyCount "73"]
[EventDate "2024.06.23"]
[EventType "swiss"]
[EventRounds "9"]
[EventCountry "TUR"]
[SourceTitle "CBM 220 Extra"]
[Source "ChessBase"]
[SourceDate "2024.07.31"]
[SourceVersion "1"]
[SourceVersionDate "2024.07.31"]
[SourceQuality "1"]

1. c4 Nf6 2. Nc3 d5 3. cxd5 Nxd5 4. g3 g6 5. Bg2 Nb6 6. h4 h5 7. d3 Bg7 8. Nf3 N8d7 9. 0-0 0-0 10. Bg5 a5 11. Qc1 Nf6 12. Rd1 c6 13. Bh6 Bxh6 14. Qxh6 Ng4 15. Qf4 Qd6 16. Qc1 Rd8 17. d4 Be6 18. Ng5 Bc4 19. b3 Ba6 20. Nge4 Qc7 21. Nc5 e5 22. e3 exd4 23. exd4 Nd7 24. Nxa6 Rxa6 25. d5 Ndf6 26. dxc6 bxc6 27. Qc2 c5 28. Na4 Rad6 29. Rxd6 Qxd6 30. Qxc5 Qd2 31. Rf1 Qxa2 32. Qxa5 Rd2 33. Qa8+ Kg7 34. Qf3 Rc2 35. Bh3 Ne5 36. Qe3 Re2 37. Nc3 1/2-1/2